COMPUTER PROGRAMMING IN FORTRAN (Record no. 35496)

MARC details
000 -LEADER
fixed length control field 00371nam a2200157Ia 4500
008 - FIXED-LENGTH DATA ELEMENTS--GENERAL INFORMATION
fixed length control field 200305s9999 xx 000 0 und d
020 ## - INTERNATIONAL STANDARD BOOK NUMBER
International Standard Book Number 978-81-203-181-7
082 ## - DEWEY DECIMAL CLASSIFICATION NUMBER
Classification number 005.262
082 ## - DEWEY DECIMAL CLASSIFICATION NUMBER
Item number RAC
041 ## - LANGUAGE CODE
Language code of text/sound track or separate title eng
100 ## - MAIN ENTRY--PERSONAL NAME
Personal name RAJARAMAN V
245 ## - TITLE STATEMENT
Title COMPUTER PROGRAMMING IN FORTRAN
260 ## - PUBLICATION, DISTRIBUTION, ETC.
Place of publication, distribution, etc. NEW DELHI
Name of publisher, distributor, etc. PHI LEARN
300 ## - PHYSICAL DESCRIPTION
Extent 250
650 ## - SUBJECT ADDED ENTRY--TOPICAL TERM
Topical term or geographic name entry element COMPUTER SCIENCE
Holdings
Withdrawn status Lost status Damaged status Not for loan Home library Current library Date acquired Cost, normal purchase price Total Checkouts Full call number Barcode Date last seen Cost, replacement price Price effective from Koha item type Date last checked out
        Chaudhary Ranbir Singh University Chaudhary Ranbir Singh University 05.03.2020 250.00   005.262 RAC 4857 05.03.2020 250.00 05.03.2020 Books  
        Chaudhary Ranbir Singh University Chaudhary Ranbir Singh University 05.03.2020 250.00   005.262 RAC 4858 05.03.2020 250.00 05.03.2020 Books  
        Chaudhary Ranbir Singh University Chaudhary Ranbir Singh University 05.03.2020 250.00   005.262 RAC 4859 05.03.2020 250.00 05.03.2020 Books  
        Chaudhary Ranbir Singh University Chaudhary Ranbir Singh University 05.03.2020 250.00 1 005.262 RAC 4860 10.01.2025 250.00 05.03.2020 Books 23.12.2024
        Chaudhary Ranbir Singh University Chaudhary Ranbir Singh University 05.03.2020 250.00   005.262 RAC 4861 05.03.2020 250.00 05.03.2020 Books  
        Chaudhary Ranbir Singh University Chaudhary Ranbir Singh University 05.03.2020 250.00   005.262 RAC 5601 05.03.2020 250.00 05.03.2020 Books  
        Chaudhary Ranbir Singh University Chaudhary Ranbir Singh University 05.03.2020 250.00   005.262 RAC 5602 05.03.2020 250.00 05.03.2020 Books  
        Chaudhary Ranbir Singh University Chaudhary Ranbir Singh University 05.03.2020 250.00   005.262 RAC 5603 05.03.2020 250.00 05.03.2020 Books  
        Chaudhary Ranbir Singh University Chaudhary Ranbir Singh University 05.03.2020 250.00   005.262 RAC 5604 05.03.2020 250.00 05.03.2020 Books  
        Chaudhary Ranbir Singh University Chaudhary Ranbir Singh University 05.03.2020 250.00   005.262 RAC 5605 05.03.2020 250.00 05.03.2020 Books  


Copyright © 2025 CRSU. All Rights Reserved.